LEADER 01187nam0-2200313---450- 001 990009411850403321 005 20110804113912.0 035 $a000941185 035 $aFED01000941185 035 $a(Aleph)000941185FED01 035 $a000941185 100 $a20110804d1777----km-y0itay50------ba 101 0 $aita 200 1 $aBrevilogio della cronica ed istoria dell'insigne Santuario Reale di Montevergine capo della Regia congregazione benedittina de' Verginiani 210 $ain Napoli$cper Gio: Maria Riccio$d1777 215 $aXVI, 140, [6] p.$c19 cm$d1777 300 $aIl nome dell'autore si evince dalla dedica curata da Angelo Maria D'Amato 300 $aSul front. vignetta calcografica con stemma di Montevergine 676 $a945.074 676 $a271.1045721 700 1$aJacuzio,$bMatteo$0512323 702 1$aD'Amato,$bAngelo Maria 801 0$aIT$bUNINA$gRICA$2UNIMARC 901 $aAQ 912 $a990009411850403321 952 $aSG 900/A 59$bR. Bibl. 17448$fFLFBC 959 $aFLFBC 996 $aBrevilogio della cronica ed istoria dell'insigne Santuario Reale di Montevergine capo della Regia congregazione benedittina de' Verginiani$9759187 997 $aUNINA LEADER 00951nam--2200337---450 001 990001156280203316 005 20211112103301.0 035 $a000115628 035 $aUSA01000115628 035 $a(ALEPH)000115628USA01 035 $a000115628 100 $a20030620d1971----km-y0itay0103----ba 101 $aita 102 $aIT 105 $a||||||||001yy 200 1 $a<> parlata albanese di Greci in provincia di Avellino$fMartin Camaj 210 $aFirenze$cOlschki$d1971 215 $a120 p.$d26 cm 225 2 $aStudi albanesi$v4 410 0$12001$aStudi albanesi$v4 461 1$1001-------$12001 607 0 $aAlbania$xStoria 676 $a945.65 700 1$aCAMAJ,$bMartin$0153027 801 0$aIT$bsalbc$gISBD 912 $a990001156280203316 951 $aXVII A.A. 2632$b3752 DLAS$cXVII A.A.$d539692 959 $aBK 969 $aCAS 996 $aParlata albanese di greci in provincia di Avellino$9157960 997 $aUNISA